000 00219nam a2200097Ia 4500
008 200302s9999 xx 000 0 und d
100 _aAuthor
245 _aAbitare Annual 14
260 _bRoto Vision S A
300 _a272 P.,
999 _c1891
_d1891